| 000 | 00651nam a2200193Ia 4500 | ||
|---|---|---|---|
| 008 | 140626s9999 xx 000 0 und d | ||
| 100 | _aCranford, James. | ||
| 245 |
_aHusbands' and wives' alcohol use disorders and marital interactions as longitudinal predictors of marital adjustment / _cJames Cranford ... [et al.]. |
||
| 260 | _cc2011. | ||
| 300 | _a120 : 1, page 210 | ||
| 440 | _aJournal of Abnormal Psychology | ||
| 521 | _aPSYCH | ||
| 650 | _aActor-partner independence model. | ||
| 650 | _aAlcoholic couples. | ||
| 650 | _aBehavioral observation. | ||
| 650 | _aMarital adjustment. | ||
| 650 | _aMarital interaction. | ||
| 942 | _cSE | ||
| 999 |
_c121275 _d121275 |
||